000 00431pab a2200157 454500
008 180718b2006 xxu||||| |||| 00| 0 eng d
100 _aJacobs, Lawrence R.
245 _aRestoring the tradition of rigor and relevance to political science
260 _c2006
300 _ap.27-31.
362 _aJan
650 _aPolitical science
700 _aSkocpol, Theda
773 _aPS: Political Science and Politics
909 _a71083
999 _c71083
_d71083